00996nam a22002537a 450000100060000000300060000600500170001200800410002902000180007004000290008808200120011710000150012924500330014426000400017730000580021750500070027552002200028252100270050252100180052965000330054794200150058099900170059595201300061210111FISKH20260421091537.0260421b cb ||||| |||| 00| 0 eng d a9781405234696 aFISKHbengcFISKHdFISKH a 823.92 aAwdry, W.  aThomas & friends: bHarold / aUnited Kingdom : bEgmont, c1996.  a30 unnumbered pages : bcolor illustations ; c14 cm  aH  aThe perfect introduction to Thomas the Tank Engine! All aboard for an engine adventure! Read about when Harold the Helicopter first landed on Sodor and raced Percy across the Island. Who do you think was the winner?8 a430 bLexile estimate 8 aH bRaz-Plus  aPicture BookvJunior Fiction 2ddccBKn0 c10111d10111 00102ddc40708JUVFa002b002cTTP Dark Blued2026-04-21l0oAWD 823.92 p2026-0505r2026-04-21 09:15:31t1w2026-04-21yBK